[Event "Deutsche Ländermeisterschaft 2024"]
[Site "Tübingen GER"]
[Date "2024.10.06"]
[Round "7"]
[White "Windmüller, Simon"]
[Black "Abou Wally, Adrian"]
[Result "1/2-1/2"]
[Termination "normal"]
[Board "6.2"]
[WhiteElo "2052"]
[BlackElo "1991"]
[WhiteClock "00:44:47"]
[BlackClock "00:01:47"]
[WhiteTeam "Saarland & Friends"]
[BlackTeam "Thüringen"]
[PlyCount "78"]
[WhiteFideId "16274032"]
[BlackFideId "16245113"]
[EventCountry "GER"]
[EventRounds "7"]
[EventType "team-swiss"]
[EventDate "2024.10.02"]

1. Nf3 {[%clk 01:30:56]} Nf6 {[%clk 01:30:56]} 2. c4 {[%clk 01:31:21]} e6
{[%clk 01:31:21]} 3. g3 {[%clk 01:31:39]} d5 {[%clk 01:31:46]} 4. Bg2 {[%clk
01:32:03]} Be7 {[%clk 01:32:11]} 5. O-O {[%clk 01:32:27]} O-O {[%clk 01:32:34]}
6. d4 {[%clk 01:32:52]} dxc4 {[%clk 01:32:46]} 7. Qc2 {[%clk 01:33:17]} a6
{[%clk 01:13:54]} {[%emt 00:14:58]} 8. a4 {[%clk 01:33:46]} {[%emt 00:00:02]}
Nc6 {[%clk 01:13:37]} {[%emt 00:00:46]} 9. Qxc4 {[%clk 01:30:43]} {[%emt
00:03:33]} Nd5 {[%clk 01:02:52]} {[%emt 00:11:16]} 10. Bd2 {[%clk 01:20:48]}
{[%emt 00:10:24]} Bf6 {[%clk 01:01:34]} {[%emt 00:01:48]} 11. e3 {[%clk
01:20:51]} {[%emt 00:00:27]} Nb6 {[%clk 00:56:13]} {[%emt 00:05:51]} 12. Qc2
{[%clk 01:19:43]} {[%emt 00:01:37]} Qe7 {[%clk 00:47:54]} {[%emt 00:08:50]} 13.
Rc1 {[%clk 01:19:35]} {[%emt 00:00:37]} Rd8 {[%clk 00:47:41]} {[%emt 00:00:43]}
14. Nc3 {[%clk 01:13:55]} {[%emt 00:06:10]} e5 {[%clk 00:41:50]} {[%emt
00:06:21]} 15. dxe5 {[%clk 01:14:07]} {[%emt 00:00:19]} Nxe5 {[%clk 00:41:21]}
{[%emt 00:00:59]} 16. Nxe5 {[%clk 01:10:45]} {[%emt 00:03:51]} Bxe5 {[%clk
00:40:23]} {[%emt 00:01:28]} 17. a5 {[%clk 01:10:08]} {[%emt 00:01:07]} Bxc3
{[%clk 00:30:09]} {[%emt 00:10:44]} 18. Bxc3 {[%clk 01:10:21]} {[%emt
00:00:16]} Nd5 {[%clk 00:30:31]} {[%emt 00:00:08]} 19. Bd4 {[%clk 01:08:33]}
{[%emt 00:02:18]} c6 {[%clk 00:30:22]} {[%emt 00:00:39]} 20. Bc5 {[%clk
01:07:30]} {[%emt 00:01:33]} Qg5 {[%clk 00:29:46]} {[%emt 00:01:06]} 21. Qb3
{[%clk 01:02:21]} {[%emt 00:05:39]} Nc7 {[%clk 00:18:01]} {[%emt 00:12:15]} 22.
Qa3 {[%clk 00:56:05]} {[%emt 00:06:46]} Re8 {[%clk 00:15:07]} {[%emt 00:03:24]}
23. e4 {[%clk 00:52:34]} {[%emt 00:04:01]} Nb5 {[%clk 00:15:00]} {[%emt
00:00:37]} 24. Qb4 {[%clk 00:52:46]} {[%emt 00:00:18]} Bg4 {[%clk 00:13:07]}
{[%emt 00:02:23]} 25. Bb6 {[%clk 00:52:33]} {[%emt 00:00:43]} Qh5 {[%clk
00:13:01]} {[%emt 00:00:36]} 26. Rc5 {[%clk 00:51:53]} {[%emt 00:01:11]} Qh6
{[%clk 00:08:10]} {[%emt 00:05:20]} 27. h4 {[%clk 00:52:13]} {[%emt 00:00:10]}
Qf6 {[%clk 00:06:12]} {[%emt 00:02:28]} 28. Re1 {[%clk 00:50:28]} {[%emt
00:02:14]} Re5 {[%clk 00:04:18]} {[%emt 00:02:25]} 29. Rxe5 {[%clk 00:49:39]}
{[%emt 00:01:19]} Qxe5 {[%clk 00:04:47]} 30. Qd2 {[%clk 00:49:42]} {[%emt
00:00:27]} Re8 {[%clk 00:04:02]} {[%emt 00:01:16]} 31. Re3 {[%clk 00:50:09]}
{[%emt 00:00:02]} h6 {[%clk 00:03:52]} {[%emt 00:00:39]} 32. Rd3 {[%clk
00:48:11]} {[%emt 00:02:28]} Kh7 {[%clk 00:01:51]} {[%emt 00:02:33]} 33. Qf4
{[%clk 00:45:44]} {[%emt 00:02:57]} Qxf4 {[%clk 00:01:31]} {[%emt 00:00:50]}
34. gxf4 {[%clk 00:46:12]} {[%emt 00:00:01]} g6 {[%clk 00:01:12]} {[%emt
00:00:49]} 35. f3 {[%clk 00:46:01]} {[%emt 00:00:40]} Be6 {[%clk 00:01:36]}
{[%emt 00:00:07]} 36. Kf2 {[%clk 00:45:00]} {[%emt 00:01:30]} Re7 {[%clk
00:01:02]} {[%emt 00:01:05]} 37. Bf1 {[%clk 00:44:39]} {[%emt 00:00:50]} Rd7
{[%clk 00:00:57]} {[%emt 00:00:36]} 38. Rxd7 {[%clk 00:44:52]} {[%emt
00:00:17]} Bxd7 {[%clk 00:01:27]} 39. Bxb5 {[%clk 00:44:47]} {[%emt 00:00:35]}
cxb5 {[%clk 00:01:47]} {[%emt 00:00:10]} 1/2-1/2

[Event "Deutsche Ländermeisterschaft 2024"]
[Site "Tübingen GER"]
[Date "2024.10.06"]
[Round "7"]
[White "Reuter, Elisa"]
[Black "Sheng, Ming"]
[Result "0-1"]
[Termination "normal"]
[Board "6.3"]
[WhiteTitle "WCM"]
[WhiteElo "2004"]
[BlackElo "2007"]
[WhiteClock "00:00:52"]
[BlackClock "00:12:41"]
[WhiteTeam "Thüringen"]
[BlackTeam "Saarland & Friends"]
[PlyCount "76"]
[WhiteFideId "12995444"]
[BlackFideId "34605258"]
[EventCountry "GER"]
[EventRounds "7"]
[EventType "team-swiss"]
[EventDate "2024.10.02"]

1. e4 {[%clk 01:30:58]} {[%emt 10:10:41]} c6 {[%clk 01:30:56]} 2. Nf3 {[%clk
01:31:25]} d5 {[%clk 01:31:19]} 3. Nc3 {[%clk 01:31:52]} Bg4 {[%clk 01:31:39]}
4. h3 {[%clk 01:32:09]} Bxf3 5. Qxf3 {[%clk 01:32:34]} e6 {[%clk 01:32:30]} 6.
exd5 {[%clk 01:28:00]} {[%emt 00:00:12]} cxd5 {[%clk 01:32:36]} {[%emt
00:00:23]} 7. Bb5+ {[%clk 01:18:33]} {[%emt 00:09:58]} Nc6 {[%clk 01:32:40]}
{[%emt 00:00:25]} 8. Bxc6+ {[%clk 01:17:50]} {[%emt 00:01:14]} bxc6 {[%clk
01:32:58]} {[%emt 00:00:11]} 9. O-O {[%clk 01:17:58]} {[%emt 00:00:21]} Nf6
{[%clk 01:32:24]} {[%emt 00:01:04]} 10. d3 {[%clk 01:10:55]} {[%emt 00:07:34]}
Be7 {[%clk 01:30:45]} {[%emt 00:02:08]} 11. Ne2 {[%clk 01:01:25]} {[%emt
00:10:02]} Nd7 {[%clk 01:26:35]} {[%emt 00:04:39]} 12. d4 {[%clk 00:55:25]}
{[%emt 00:06:31]} Bf6 {[%clk 01:25:59]} {[%emt 00:01:05]} 13. c3 {[%clk
00:55:41]} {[%emt 00:00:14]} O-O {[%clk 01:25:10]} {[%emt 00:01:19]} 14. Nf4
{[%clk 00:55:11]} {[%emt 00:01:01]} g6 {[%clk 01:25:12]} {[%emt 00:00:27]} 15.
Nd3 {[%clk 00:55:20]} {[%emt 00:00:21]} Bg7 {[%clk 01:25:19]} {[%emt 00:00:23]}
16. Re1 {[%clk 00:55:34]} {[%emt 00:00:17]} Re8 {[%clk 01:24:27]} {[%emt
00:01:22]} 17. Ne5 {[%clk 00:46:33]} {[%emt 00:09:31]} Nxe5 {[%clk 01:22:12]}
{[%emt 00:02:44]} 18. dxe5 {[%emt 00:00:04]} Rb8 {[%clk 01:21:44]} {[%emt
00:00:51]} 19. Re2 {[%clk 00:45:02]} {[%emt 00:02:33]} Qc7 {[%clk 01:21:31]}
{[%emt 00:00:43]} 20. Bf4 {[%clk 00:43:12]} {[%emt 00:02:21]} Rb7 {[%clk
01:20:44]} {[%emt 00:01:16]} 21. Rae1 {[%clk 00:40:27]} {[%emt 00:03:16]} Reb8
{[%clk 01:20:05]} {[%emt 00:01:08]} 22. Bc1 {[%clk 00:40:47]} {[%emt 00:00:11]}
c5 {[%clk 01:14:13]} {[%emt 00:06:22]} 23. Qf4 {[%clk 00:39:52]} {[%emt
00:01:25]} Rd8 {[%clk 01:11:45]} {[%emt 00:02:57]} 24. Rd1 {[%clk 00:40:05]}
{[%emt 00:00:18]} d4 {[%clk 01:11:36]} {[%emt 00:00:39]} 25. Qe4 {[%clk
00:32:42]} {[%emt 00:07:53]} Rd5 {[%clk 01:01:08]} {[%emt 00:10:57]} 26. cxd4
{[%clk 00:31:56]} {[%emt 00:01:17]} cxd4 {[%clk 01:00:16]} {[%emt 00:01:22]}
27. Rc2 {[%clk 00:25:45]} {[%emt 00:06:42]} Qd7 {[%clk 00:59:16]} {[%emt
00:01:29]} 28. Bf4 {[%clk 00:24:45]} {[%emt 00:01:30]} Rb4 {[%clk 00:32:30]}
{[%emt 00:27:15]} 29. Rd3 {[%clk 00:16:33]} {[%emt 00:08:43]} h5 {[%clk
00:29:25]} {[%emt 00:03:34]} 30. b3 {[%clk 00:15:24]} {[%emt 00:01:40]} Qb7
{[%clk 00:27:02]} {[%emt 00:02:51]} 31. Qf3 {[%clk 00:12:52]} {[%emt 00:03:04]}
Qb8 {[%clk 00:26:24]} {[%emt 00:01:04]} 32. a3 {[%clk 00:09:01]} {[%emt
00:04:26]} Rbb5 {[%clk 00:22:17]} {[%emt 00:04:34]} 33. Qg3 {[%clk 00:05:38]}
{[%emt 00:03:57]} Bxe5 {[%clk 00:20:21]} {[%emt 00:02:24]} 34. Bxe5 {[%clk
00:05:59]} {[%emt 00:00:10]} Rxe5 {[%clk 00:16:59]} {[%emt 00:03:52]} 35. h4
{[%clk 00:01:46]} {[%emt 00:04:44]} Qd8 {[%clk 00:13:18]} {[%emt 00:04:08]} 36.
Kh2 {[%clk 00:01:27]} {[%emt 00:00:51]} Re4 {[%clk 00:12:25]} {[%emt 00:01:23]}
37. f4 {[%clk 00:01:35]} {[%emt 00:00:22]} Rf5 {[%clk 00:12:24]} {[%emt
00:00:31]} 38. Rf2 {[%clk 00:00:52]} {[%emt 00:01:13]} Qd6 {[%clk 00:12:41]}
{[%emt 00:00:12]} *

[Event "Deutsche Ländermeisterschaft 2024"]
[Site "Tübingen GER"]
[Date "2024.10.06"]
[Round "7"]
[White "Müller, Maximilian"]
[Black "Göpfert, Gregor"]
[Result "1/2-1/2"]
[Termination "normal"]
[Board "6.4"]
[WhiteElo "2030"]
[BlackElo "1759"]
[WhiteClock "00:42:50"]
[BlackClock "00:32:15"]
[WhiteTeam "Saarland & Friends"]
[BlackTeam "Thüringen"]
[PlyCount "62"]
[WhiteFideId "16243552"]
[BlackFideId "34603964"]
[EventCountry "GER"]
[EventRounds "7"]
[EventType "team-swiss"]
[EventDate "2024.10.02"]

1. Nf3 {[%clk 01:30:53]} {[%emt 10:11:05]} Nf6 {[%clk 01:30:42]} 2. c4 {[%clk
01:31:18]} c6 {[%clk 01:29:58]} 3. g3 {[%clk 01:31:18]} d5 4. cxd5 {[%clk
01:31:16]} cxd5 {[%clk 01:30:18]} 5. Bg2 {[%clk 01:31:39]} Nc6 {[%clk
01:28:37]} 6. d4 {[%clk 01:32:04]} Bf5 {[%clk 01:23:49]} {[%emt 00:05:17]} 7.
a3 {[%clk 01:31:37]} {[%emt 00:00:57]} e6 {[%clk 01:22:42]} {[%emt 00:01:37]}
8. Nc3 {[%clk 01:31:43]} {[%emt 00:00:24]} h6 {[%clk 01:21:48]} {[%emt
00:01:23]} 9. O-O {[%clk 01:31:27]} {[%emt 00:00:46]} Bd6 {[%clk 01:21:19]}
{[%emt 00:01:00]} 10. b4 {[%clk 01:30:51]} {[%emt 00:01:06]} a6 {[%clk
01:20:12]} {[%emt 00:01:37]} 11. Na4 {[%clk 01:24:47]} {[%emt 00:06:33]} O-O
{[%clk 01:19:49]} {[%emt 00:00:53]} 12. Bb2 {[%clk 01:22:12]} {[%emt 00:03:05]}
b5 {[%clk 01:05:14]} {[%emt 00:15:05]} 13. Rc1 {[%clk 01:22:10]} {[%emt
00:00:32]} Rc8 {[%clk 01:05:15]} {[%emt 00:00:28]} 14. Nc5 {[%clk 01:22:34]}
{[%emt 00:00:07]} Qb6 {[%clk 01:05:14]} {[%emt 00:00:31]} 15. Ne5 {[%clk
01:20:55]} {[%emt 00:02:09]} Rfd8 {[%clk 01:04:15]} {[%emt 00:01:27]} 16. Qb3
{[%clk 01:09:53]} {[%emt 00:11:34]} Bxe5 {[%clk 00:56:26]} {[%emt 00:08:18]}
17. dxe5 {[%clk 01:10:18]} {[%emt 00:00:07]} Nd7 {[%clk 00:54:34]} {[%emt
00:02:21]} 18. Nxd7 {[%clk 01:10:16]} {[%emt 00:00:33]} Rxd7 {[%clk 00:54:59]}
{[%emt 00:00:04]} 19. Rc5 {[%clk 01:10:41]} {[%emt 00:00:05]} Rdc7 {[%clk
00:53:42]} {[%emt 00:01:47]} 20. Rfc1 {[%clk 01:11:05]} {[%emt 00:00:07]} Na7
{[%clk 00:52:05]} {[%emt 00:02:07]} 21. Bd4 {[%clk 01:09:28]} {[%emt 00:02:07]}
Rxc5 {[%clk 00:46:50]} {[%emt 00:05:44]} 22. Bxc5 {[%clk 01:09:40]} {[%emt
00:00:18]} Qc6 {[%clk 00:37:19]} {[%emt 00:10:00]} 23. Qb2 {[%clk 01:09:57]}
{[%emt 00:00:14]} Rc7 {[%clk 00:36:37]} {[%emt 00:01:12]} 24. Be3 {[%clk
01:01:51]} {[%emt 00:08:33]} Qb7 {[%clk 00:36:45]} {[%emt 00:00:24]} 25. Rc5
{[%clk 00:58:47]} {[%emt 00:03:33]} Rxc5 {[%clk 00:35:48]} {[%emt 00:01:28]}
26. Bxc5 {[%clk 00:59:14]} {[%emt 00:00:04]} Nc8 {[%clk 00:34:01]} {[%emt
00:02:16]} 27. Qd4 {[%clk 00:59:38]} {[%emt 00:00:06]} Qc7 {[%clk 00:34:03]}
{[%emt 00:00:27]} 28. h3 {[%clk 00:49:54]} {[%emt 00:10:14]} Bb1 {[%clk
00:31:50]} {[%emt 00:02:43]} 29. e4 {[%clk 00:48:13]} {[%emt 00:02:12]} Bxe4
{[%clk 00:31:49]} {[%emt 00:00:31]} 30. Bxe4 {[%clk 00:48:37]} {[%emt
00:00:05]} dxe4 {[%clk 00:32:15]} {[%emt 00:00:05]} 31. Qxe4 {[%clk 00:42:50]}
{[%emt 00:06:17]} Nb6 {[%emt 00:08:02]} 1/2-1/2

[Event "Deutsche Ländermeisterschaft 2024"]
[Site "Tübingen GER"]
[Date "2024.10.06"]
[Round "7"]
[White "Junge, Mattheo Gabriel"]
[Black "Mukazhanov, Mansur"]
[Result "1-0"]
[Termination "normal"]
[Board "6.5"]
[WhiteElo "1907"]
[BlackElo "1896"]
[WhiteClock "00:20:30"]
[BlackClock "01:08:05"]
[WhiteTeam "Thüringen"]
[BlackTeam "Saarland & Friends"]
[PlyCount "102"]
[WhiteFideId "34605908"]
[BlackFideId "13752324"]
[EventCountry "GER"]
[EventRounds "7"]
[EventType "team-swiss"]
[EventDate "2024.10.02"]

1. e4 {[%clk 01:30:56]} {[%emt 00:00:01]} e6 {[%clk 01:30:52]} 2. d4 {[%clk
01:31:21]} d5 {[%clk 01:31:19]} 3. e5 {[%clk 01:31:45]} c5 {[%clk 01:31:43]} 4.
c3 {[%clk 01:32:10]} Nc6 {[%clk 01:32:11]} 5. Nf3 {[%clk 01:32:33]} Bd7 {[%clk
01:31:58]} 6. Bd3 {[%clk 01:32:35]} Qb6 {[%clk 01:32:06]} 7. O-O {[%clk
01:32:57]} cxd4 {[%clk 01:32:31]} 8. Re1 {[%clk 01:33:21]} Nge7 {[%clk
01:32:16]} 9. h4 {[%clk 01:33:42]} O-O-O {[%clk 01:30:35]} 10. a4 {[%clk
01:16:16]} {[%emt 00:17:47]} dxc3 {[%clk 01:22:36]} {[%emt 00:08:30]} 11. Nxc3
{[%clk 01:16:00]} {[%emt 00:00:46]} d4 {[%clk 01:22:45]} {[%emt 00:00:20]} 12.
Nb5 {[%clk 01:13:45]} {[%emt 00:02:45]} Nd5 {[%clk 01:22:48]} {[%emt 00:00:27]}
13. Be4 {[%clk 01:07:00]} {[%emt 00:07:15]} Bc5 {[%clk 01:17:17]} {[%emt
00:06:01]} 14. Nd2 {[%clk 00:56:02]} {[%emt 00:11:28]} Na5 {[%clk 01:14:48]}
{[%emt 00:02:58]} 15. Bxd5 {[%clk 00:48:21]} {[%emt 00:08:13]} exd5 {[%clk
01:14:51]} {[%emt 00:00:27]} 16. b4 {[%clk 00:47:59]} {[%emt 00:00:51]} Bxb4
{[%clk 01:14:43]} {[%emt 00:00:38]} 17. Rb1 {[%clk 00:48:21]} {[%emt 00:00:08]}
Nc6 {[%clk 01:15:00]} {[%emt 00:00:13]} 18. Nd6+ {[%clk 00:48:26]} {[%emt
00:00:26]} Kb8 {[%clk 01:15:05]} {[%emt 00:00:25]} 19. Nxf7 {[%clk 00:48:25]}
{[%emt 00:00:32]} Rhf8 {[%clk 01:14:38]} {[%emt 00:00:56]} 20. Nxd8 {[%clk
00:48:41]} {[%emt 00:00:14]} Qxd8 {[%clk 01:15:02]} {[%emt 00:00:05]} 21. e6
{[%clk 00:45:36]} {[%emt 00:03:36]} Qf6 {[%clk 01:13:54]} {[%emt 00:01:38]} 22.
Qe2 {[%clk 00:23:42]} {[%emt 00:22:24]} Bxe6 {[%clk 01:14:01]} {[%emt
00:00:23]} 23. Rb3 {[%clk 00:18:17]} {[%emt 00:05:55]} Bg4 {[%clk 01:13:32]}
{[%emt 00:00:59]} 24. f3 {[%clk 00:17:26]} {[%emt 00:01:22]} d3 {[%clk
01:12:38]} {[%emt 00:01:24]} 25. Qf2 {[%clk 00:16:39]} {[%emt 00:01:17]} Qd6
{[%clk 01:11:20]} {[%emt 00:01:48]} 26. Rxd3 {[%clk 00:13:39]} {[%emt
00:03:30]} Bf5 {[%clk 01:11:17]} {[%emt 00:00:33]} 27. Ne4 {[%clk 00:10:21]}
{[%emt 00:03:49]} Qg6 {[%clk 01:08:00]} {[%emt 00:03:47]} 28. Rxd5 {[%clk
00:08:09]} {[%emt 00:02:42]} Bxe1 {[%clk 01:07:58]} {[%emt 00:00:32]} 29. Qxe1
{[%clk 00:08:24]} {[%emt 00:00:15]} Qe6 {[%clk 01:06:14]} {[%emt 00:02:15]} 30.
Rd6 {[%clk 00:05:50]} {[%emt 00:03:05]} Qe5 {[%clk 01:04:40]} {[%emt 00:02:03]}
31. Qg3 {[%clk 00:03:24]} {[%emt 00:02:55]} Qxg3 {[%clk 01:04:37]} {[%emt
00:00:33]} 32. Nxg3 {[%clk 00:03:49]} {[%emt 00:00:04]} Bc2 {[%clk 01:04:59]}
{[%emt 00:00:08]} 33. Rd7 {[%clk 00:03:39]} {[%emt 00:00:40]} Rg8 {[%clk
01:04:00]} {[%emt 00:01:30]} 34. Bb2 {[%clk 00:03:00]} {[%emt 00:01:08]} Kc8
{[%clk 01:02:36]} {[%emt 00:01:56]} 35. Rf7 {[%clk 00:02:58]} {[%emt 00:00:31]}
Bxa4 {[%clk 01:01:45]} {[%emt 00:01:22]} 36. Ne4 {[%clk 00:02:57]} {[%emt
00:00:30]} Nd8 {[%clk 00:58:03]} {[%emt 00:04:12]} 37. Re7 {[%clk 00:02:24]}
{[%emt 00:01:04]} Bc6 {[%clk 00:57:20]} {[%emt 00:01:13]} 38. Be5 {[%clk
00:02:06]} {[%emt 00:00:47]} Bd7 {[%clk 00:48:54]} {[%emt 00:08:57]} 39. Nc5
{[%clk 00:01:28]} {[%emt 00:01:08]} Nc6 {[%clk 00:48:32]} {[%emt 00:00:52]} 40.
Rxd7 {[%clk 00:01:46]} {[%emt 00:00:12]} Nxe5 {[%clk 00:48:45]} {[%emt
00:00:18]} 41. Rxb7 {[%clk 00:29:26]} {[%emt 00:02:50]} Nc6 {[%clk 01:16:30]}
{[%emt 00:02:44]} 42. Rf7 {[%clk 00:28:47]} {[%emt 00:01:09]} Kb8 {[%clk
01:10:37]} {[%emt 00:06:23]} 43. Na6+ {[%clk 00:25:45]} {[%emt 00:03:32]} Ka8
{[%clk 01:10:51]} {[%emt 00:00:16]} 44. f4 {[%clk 00:25:40]} {[%emt 00:00:34]}
h6 {[%clk 01:10:27]} {[%emt 00:00:53]} 45. h5 {[%clk 00:25:26]} {[%emt
00:00:43]} Nd8 {[%clk 01:10:15]} {[%emt 00:00:44]} 46. Re7 {[%clk 00:24:36]}
{[%emt 00:01:18]} Nc6 {[%clk 01:10:31]} {[%emt 00:00:15]} 47. Rc7 {[%clk
00:23:29]} {[%emt 00:01:36]} Nb8 {[%clk 01:10:28]} {[%emt 00:00:33]} 48. Nc5
{[%clk 00:22:27]} {[%emt 00:01:30]} a5 {[%clk 01:07:38]} {[%emt 00:03:23]} 49.
Kf2 {[%clk 00:21:27]} {[%emt 00:01:29]} g6 {[%clk 01:07:56]} {[%emt 00:00:13]}
50. hxg6 {[%clk 00:21:19]} {[%emt 00:00:38]} Rxg6 {[%clk 01:08:01]} {[%emt
00:00:25]} 51. Kf3 {[%clk 00:20:30]} {[%emt 00:01:20]} Na6 {[%clk 01:08:05]}
{[%emt 00:00:26]} *

[Event "Deutsche Ländermeisterschaft 2024"]
[Site "Tübingen GER"]
[Date "2024.10.06"]
[Round "7"]
[White "Hoffmann, Sophia"]
[Black "Meitzner, Jonathan Franz"]
[Result "0-1"]
[Termination "normal"]
[Board "6.6"]
[WhiteElo "1720"]
[BlackElo "1845"]
[WhiteClock "00:01:04"]
[BlackClock "00:28:22"]
[WhiteTeam "Saarland & Friends"]
[BlackTeam "Thüringen"]
[PlyCount "48"]
[WhiteFideId "16259130"]
[BlackFideId "34616110"]
[EventCountry "GER"]
[EventRounds "7"]
[EventType "team-swiss"]
[EventDate "2024.10.02"]

1. d4 {[%clk 01:30:57]} c5 {[%clk 01:30:50]} 2. d5 {[%clk 01:30:33]} e5 {[%clk
01:31:06]} 3. c4 {[%clk 01:28:03]} d6 {[%clk 01:31:18]} 4. e4 {[%clk 01:25:51]}
{[%emt 00:01:31]} g6 {[%clk 01:31:32]} {[%emt 00:00:17]} 5. Nc3 {[%clk
01:22:28]} {[%emt 00:03:53]} Bg7 {[%clk 01:31:29]} {[%emt 00:00:32]} 6. Bd3
{[%clk 01:16:29]} {[%emt 00:06:29]} Ne7 {[%clk 01:29:08]} {[%emt 00:02:50]} 7.
Nge2 {[%clk 01:14:05]} {[%emt 00:02:55]} O-O {[%clk 01:28:20]} {[%emt
00:01:18]} 8. O-O {[%clk 01:01:56]} {[%emt 00:12:39]} f5 {[%clk 01:25:32]}
{[%emt 00:03:18]} 9. f4 {[%clk 00:56:58]} {[%emt 00:05:29]} Nd7 {[%clk
01:21:35]} {[%emt 00:04:26]} 10. Qe1 {[%clk 00:54:58]} {[%emt 00:02:30]} exf4
{[%clk 01:15:25]} {[%emt 00:06:41]} 11. Nxf4 {[%clk 00:49:06]} {[%emt
00:06:22]} Ne5 {[%clk 01:14:43]} {[%emt 00:01:12]} 12. Qg3 {[%clk 00:44:28]}
{[%emt 00:05:08]} fxe4 {[%clk 01:10:28]} {[%emt 00:04:45]} 13. Nxe4 {[%clk
00:33:20]} {[%emt 00:11:39]} Nf5 {[%clk 01:08:25]} {[%emt 00:02:33]} 14. Qe1
{[%clk 00:30:49]} {[%emt 00:03:01]} Nd4 {[%clk 01:02:48]} {[%emt 00:06:06]} 15.
Qd1 {[%clk 00:19:37]} {[%emt 00:11:42]} Bg4 {[%clk 00:48:27]} {[%emt 00:14:51]}
16. Be2 {[%clk 00:14:24]} {[%emt 00:05:43]} Rxf4 {[%clk 00:39:29]} {[%emt
00:09:28]} 17. Bxf4 {[%clk 00:11:25]} {[%emt 00:03:29]} Nxe2+ {[%clk 00:34:02]}
{[%emt 00:05:58]} 18. Kf2 {[%clk 00:08:34]} {[%emt 00:03:20]} Nxf4 {[%clk
00:33:16]} {[%emt 00:01:16]} 19. Qc2 {[%clk 00:07:32]} {[%emt 00:01:31]} Be2
{[%clk 00:32:54]} {[%emt 00:00:53]} 20. Rfb1 {[%clk 00:04:02]} {[%emt
00:04:00]} Bd3 {[%clk 00:32:03]} {[%emt 00:01:21]} 21. Qb3 {[%clk 00:01:44]}
{[%emt 00:02:48]} Bxb1 {[%clk 00:31:21]} {[%emt 00:01:13]} 22. Rxb1 {[%clk
00:01:36]} {[%emt 00:00:39]} Nfd3+ {[%clk 00:29:41]} {[%emt 00:02:09]} 23. Kg1
{[%clk 00:01:43]} {[%emt 00:00:24]} Qh4 {[%clk 00:28:05]} {[%emt 00:02:03]} 24.
Qxb7 {[%clk 00:01:04]} {[%emt 00:01:11]} Rf8 {[%clk 00:28:22]} {[%emt
00:00:13]} 0-1

[Event "Deutsche Ländermeisterschaft 2024"]
[Site "Tübingen GER"]
[Date "2024.10.06"]
[Round "7"]
[White "Loos, Tilda"]
[Black "Huppert, Anna"]
[Result "1-0"]
[Termination "normal"]
[Board "6.7"]
[WhiteElo "1700"]
[BlackElo "1661"]
[WhiteClock "00:09:22"]
[BlackClock "00:01:36"]
[WhiteTeam "Thüringen"]
[BlackTeam "Saarland & Friends"]
[PlyCount "55"]
[WhiteFideId "34620559"]
[BlackFideId "16214439"]
[EventCountry "GER"]
[EventRounds "7"]
[EventType "team-swiss"]
[EventDate "2024.10.02"]

1. e4 {[%clk 01:30:59]} e6 {[%clk 01:30:54]} 2. d4 {[%clk 01:31:26]} d5 {[%clk
01:31:18]} 3. e5 {[%clk 01:31:52]} c5 {[%clk 01:31:38]} 4. c3 {[%clk 01:32:18]}
Nc6 {[%clk 01:32:03]} 5. Nf3 {[%clk 01:32:43]} Qb6 {[%clk 01:32:08]} 6. Bd3
{[%clk 01:33:05]} cxd4 {[%clk 01:31:13]} 7. O-O {[%clk 01:33:28]} Bd7 {[%clk
01:29:25]} 8. Re1 {[%clk 01:33:31]} Rc8 {[%clk 01:25:58]} {[%emt 00:03:41]} 9.
Nbd2 {[%clk 01:28:44]} {[%emt 00:05:16]} dxc3 {[%clk 01:17:16]} {[%emt
00:09:12]} 10. bxc3 {[%clk 01:29:07]} {[%emt 00:00:08]} Bc5 {[%clk 01:16:36]}
{[%emt 00:01:09]} 11. Rb1 {[%clk 01:23:02]} {[%emt 00:06:35]} Qc7 {[%clk
01:15:31]} {[%emt 00:01:35]} 12. c4 {[%clk 01:20:39]} {[%emt 00:02:53]} Nb4
{[%clk 00:51:36]} {[%emt 00:24:25]} 13. Be2 {[%clk 01:04:19]} {[%emt 00:16:50]}
Nxa2 {[%clk 00:44:06]} {[%emt 00:08:00]} 14. Qb3 {[%clk 00:58:56]} {[%emt
00:05:52]} Nxc1 {[%clk 00:39:47]} {[%emt 00:04:49]} 15. Rexc1 {[%clk 00:59:07]}
{[%emt 00:00:18]} Bc6 {[%clk 00:29:39]} {[%emt 00:10:38]} 16. cxd5 {[%clk
00:53:32]} {[%emt 00:06:05]} Bxd5 {[%clk 00:29:08]} {[%emt 00:01:02]} 17. Qb5+
{[%clk 00:49:38]} {[%emt 00:04:23]} Kf8 {[%clk 00:27:53]} {[%emt 00:01:44]} 18.
Bc4 {[%clk 00:36:39]} {[%emt 00:13:28]} a6 {[%clk 00:14:02]} {[%emt 00:14:22]}
19. Qb3 {[%clk 00:35:24]} {[%emt 00:01:45]} Ne7 {[%clk 00:10:20]} {[%emt
00:04:12]} 20. Bxd5 {[%clk 00:33:56]} {[%emt 00:01:59]} exd5 {[%clk 00:10:37]}
{[%emt 00:00:13]} 21. Qd3 {[%clk 00:23:40]} {[%emt 00:10:46]} Qd7 {[%clk
00:05:53]} {[%emt 00:05:14]} 22. Ne4 {[%clk 00:17:07]} {[%emt 00:07:03]} Ba7
{[%clk 00:04:11]} {[%emt 00:02:11]} 23. Rxc8+ {[%clk 00:15:51]} {[%emt
00:01:46]} Qxc8 {[%clk 00:04:00]} {[%emt 00:00:42]} 24. Nd6 {[%clk 00:14:15]}
{[%emt 00:02:05]} Qc5 {[%clk 00:04:04]} {[%emt 00:00:26]} 25. Qd2 {[%clk
00:12:22]} {[%emt 00:02:22]} b5 {[%clk 00:03:43]} {[%emt 00:00:52]} 26. Ng5
{[%clk 00:10:42]} {[%emt 00:02:09]} Ng6 {[%clk 00:02:49]} {[%emt 00:01:25]} 27.
Rc1 {[%clk 00:09:35]} {[%emt 00:01:37]} Qb6 {[%clk 00:01:36]} {[%emt 00:01:43]}
28. Rc8+ {[%clk 00:09:22]} {[%emt 00:00:43]} 1-0